[Event "GER-chT U14"]
[Site "Magdeburg"]
[Date "2019.12.27"]
[Round "1.9"]
[White "Kittel, Lennart"]
[Black "Hetzner, Hannes"]
[Result "1/2-1/2"]
[WhiteElo "1493"]
[BlackElo "2000"]
[PlyCount "76"]
[EventDate "2019.12.27"]
[EventType "team-swiss"]
[EventRounds "7"]
[EventCountry "GER"]
[SourceTitle "CBM 194 Extra"]
[Source "ChessBase"]
[SourceDate "2020.03.31"]
[SourceVersion "1"]
[SourceVersionDate "2020.03.31"]
[SourceQuality "1"]
[WhiteTeam "Goeppingen"]
[BlackTeam "Erlangen"]
[WhiteTeamCountry "GER"]
[BlackTeamCountry "GER"]

1. d4 Nf6 2. c4 e6 3. Nf3 d5 4. Nc3 Bb4 5. Qa4+ Nc6 6. e3 0-0 7. Qc2 Re8 8. a3 Bd6 9. c5 Bf8 10. Bb5 Nd7 11. 0-0 Ne7 12. Re1 c6 13. Bf1 f5 14. b4 Ng6 15. Bb2 Be7 16. Ne2 Nf6 17. Nf4 Ne4 18. Nxg6 hxg6 19. Ne5 g5 20. f3 Nf6 21. Bd3 Nd7 22. Nxd7 Bxd7 23. e4 dxe4 24. fxe4 Bf6 25. Bc4 Kh7 26. Re3 Qc7 27. Rae1 Kg6 28. Bd3 Rh8 29. g3 Rh3 30. exf5+ exf5 31. Rf3 Rah8 32. Bxf5+ Bxf5 33. Qxf5+ Kf7 34. d5 Rxh2 35. Qe6+ Kg6 36. Qf5+ Kf7 37. Qe6+ Kg6 38. Qf5+ Kf7 1/2-1/2

[Event "Baden Wuerttemberg-chT U14"]
[Site "Burg Ortenberg"]
[Date "2018.06.24"]
[Round "5.1"]
[White "Yi, Danny"]
[Black "Kittel, Lennart"]
[Result "1-0"]
[WhiteElo "2092"]
[BlackElo "1379"]
[PlyCount "93"]
[EventDate "2018.06.23"]
[EventType "team-tourn"]
[EventRounds "5"]
[EventCountry "GER"]
[SourceTitle "EXT 2019"]
[Source "ChessBase"]
[SourceDate "2018.10.10"]
[SourceVersion "1"]
[SourceVersionDate "2018.10.10"]
[SourceQuality "1"]
[WhiteTeam "Kornwestheim U14"]
[BlackTeam "Goeppingen U14"]
[WhiteTeamCountry "GER"]
[BlackTeamCountry "GER"]

1. e4 c5 2. Ne2 a6 3. Nbc3 e6 4. g3 d5 5. Bg2 Nf6 6. exd5 exd5 7. d4 cxd4 8. Nxd4 Nc6 9. 0-0 h6 10. Re1+ Be7 11. Nde2 Be6 12. Nf4 Qd7 13. Ncxd5 Bxd5 14. Nxd5 Nxd5 15. Qxd5 Qxd5 16. Bxd5 Rd8 17. Be4 Rd7 18. Bf4 0-0 19. Rad1 Rfd8 20. Rxd7 Rxd7 21. c3 Bf6 22. Bf5 Re7 23. Rxe7 Nxe7 24. Be4 b5 25. Bb7 a5 26. Bc7 a4 27. Bd6 Nf5 28. Bc5 Be7 29. Bxe7 Nxe7 30. Ba6 a3 31. b4 Nd5 32. Bxb5 Nxc3 33. Bc4 Kf8 34. f3 Ke7 35. Kf2 Kd6 36. Bxf7 Nd5 37. Bxd5 Kxd5 38. Ke3 Kc4 39. h4 g5 40. hxg5 hxg5 41. f4 gxf4+ 42. gxf4 Kc3 43. b5 Kb2 44. b6 Kxa2 45. b7 Ka1 46. f5 a2 47. b8B 1-0

[Event "GER-chT U12"]
[Site "Magdeburg"]
[Date "2017.12.27"]
[Round "2.1"]
[White "Kittel, Lennart"]
[Black "Kalina, Lena"]
[Result "0-1"]
[WhiteElo "1116"]
[BlackElo "1564"]
[PlyCount "68"]
[EventDate "2017.12.26"]
[EventType "team-swiss"]
[EventRounds "7"]
[EventCountry "GER"]
[SourceTitle "CBM 182 Extra"]
[Source "ChessBase"]
[SourceDate "2018.02.23"]
[SourceVersion "1"]
[SourceVersionDate "2018.02.23"]
[SourceQuality "1"]
[WhiteTeam "Goeppingen"]
[BlackTeam "Landskrone"]
[WhiteTeamCountry "GER"]
[BlackTeamCountry "GER"]

1. d4 Nf6 2. c4 g6 3. Nc3 Bg7 4. e4 d6 5. Be2 0-0 6. g4 e5 7. d5 a5 8. g5 Ne8 9. h4 f5 10. h5 fxe4 11. Nxe4 Bf5 12. Bd3 Na6 13. Nc3 Nc5 14. Bxf5 Rxf5 15. Rh3 c6 16. Qg4 Nc7 17. hxg6 hxg6 18. Qh4 Kf7 19. Qh7 Qh8 20. Ke2 cxd5 21. cxd5 b5 22. Be3 b4 23. Bxc5 dxc5 24. d6 Ne6 25. Qxh8 Rxh8 26. Rxh8 Bxh8 27. Nb5 Nd4+ 28. Nxd4 exd4 29. Nh3 Rd5 30. Rc1 d3+ 31. Kd2 Bxb2 32. Rc4 Bc3+ 33. Kd1 d2 34. Rf4+ Kg7 0-1